The Figure In The Carpet (Record no. 3719)

MARC details
000 -LEADER
fixed length control field 00401nam a22001457a 4500
008 - FIXED-LENGTH DATA ELEMENTS--GENERAL INFORMATION
fixed length control field 250529b |||||||| |||| 00| 0 eng d
020 ## - INTERNATIONAL STANDARD BOOK NUMBER
ISBN 9780141397580
100 ## - MAIN ENTRY--AUTHOR
Author James Henry
245 ## - TITLE STATEMENT
Title The Figure In The Carpet
260 ## - PUBLICATION, DISTRIBUTION, ETC. (IMPRINT)
Place of publication London
Name of publisher Penguin Books
Date of publication 2015
300 ## - COLLATION
Pagination 55p.
650 ## - TRACINGS
Main Subject American Fiction - History and Criticism
Subdivision (1st) Irony in literature
942 ## - ADDED ENTRY ELEMENTS (KOHA)
Item type Books
050 ## - LIBRARY OF CONGRESS CALL NUMBER
Classification number PS2112
Item number .J36 2015
Holdings
Source of classification or shelving scheme Not for loan Permanent location Current location Date acquired Accession No. Full call number Barcode. Koha item type
Library of Congress Classification   Samuel Ogbemudia Main Library, University of Abuja Samuel Ogbemudia Main Library, University of Abuja 05/29/2025 2024/63945 PS2112.J36 2015 2025-2279 Books